Viac peňazí zabezpečí vyššie výnosy. Porovnanie najbezpečnejších podielových fondov s termínovanými vkladmi

Bankové vklady. Podielové fondy. Alternatívne investície. Tohtoročné očakávania.

Gespeichert in:
Bibliographische Detailangaben
1. Verfasser: Škriniar, Pavel, 1979-
Format: Buchkapitel
Sprache:Slowakisch
Schlagworte:
Tags: Tag hinzufügen
Keine Tags, Fügen Sie das erste Tag hinzu!

MARC

LEADER 00000naa$a2200000$$$4500
001 0091448
005 20240502072023.8
041 0 |a slo 
044 |a SK 
245 1 0 |a Viac peňazí zabezpečí vyššie výnosy. Porovnanie najbezpečnejších podielových fondov s termínovanými vkladmi  |c Pavel Škriniar 
520 |a Bankové vklady. Podielové fondy. Alternatívne investície. Tohtoročné očakávania. 
610 2 0 |a výnosy 
610 2 0 |a fondy podielové 
610 2 0 |a peniaze 
610 2 0 |a investície 
100 1 |a Škriniar, Pavel, 1979-